MARC

LEADER 00000nam0a2200000 4500
001 331722
005 20250211063210.0
035 |a (RuTPU)RU\TPU\book\357581 
035 |a RU\TPU\book\357576 
090 |a 331722 
100 |a 20170503d1980 k y0rusy5003 ca 
101 0 |a rus 
102 |a RU 
105 |a a z 001zy 
200 1 |a Анализ и синтез линейных и нелинейных электронных цепей  |e тематический сборник  |f Московский энергетический институт (МЭИ) ; под ред. В. Г. Миронова ; Г. П. Гаева 
210 |a Москва  |c Изд-во МЭИ  |d 1980 
215 |a 100, 8 с.  |c ил. 
225 1 |a Труды Московского энергетического института (МЭИ)  |v Вып. 479 
320 |a Библиография в конце статей 
500 1 0 |a Труды Московского энергетического института  |9 88841 
606 1 |a Цепи электронные  |2 stltpush  |3 (RuTPU)RU\TPU\subj\18159  |9 43662 
610 1 |a анализ 
610 1 |a синтез 
610 1 |a электрические цепи 
610 1 |a линейные элементы 
610 1 |a нелинейные элементы 
610 1 |a моделирование 
610 1 |a вычислительная техника 
610 1 |a применение 
610 1 |a расчеты 
610 1 |a схемы 
610 1 |a устройства 
675 |a 621.38.011  |v 4 
702 1 |a Миронов  |b В. Г.  |4 340 
702 1 |a Гаев  |b Г. П.  |4 340 
712 0 2 |a Московский энергетический институт (МЭИ)  |c (1930-1992)  |3 (RuTPU)RU\TPU\col\20092 
801 0 |a RU  |b 63413507  |c 19950704  |g psbo 
801 1 |a RU  |b 63413507  |c 20070814  |g PSBO 
801 2 |a RU  |b 63413507  |c 20210318  |g PSBO 
942 |c BK